| 000 | 00478nam a2200193 a 4500 | ||
|---|---|---|---|
| 005 | 20210223122331.0 | ||
| 008 | 991125 mx 000 0 spa u | ||
| 020 | _a9684196725 | ||
| 035 | _aUPN01000033625 | ||
| 049 | _aI | ||
| 050 | 4 |
_aTP808 _aR6.4 |
|
| 100 | 1 | _aRodríguez Céspedes, Paula | |
| 245 | 1 | 0 | _aJuguemos con cerámica. |
| 260 |
_aMéxico : _bGrijalbo, |
||
| 300 |
_a16 h. : _bil., col. |
||
| 440 | 0 | _aRehilete | |
| 650 | 4 |
_aCERAMICA _99613 |
|
| 905 | _aInfantil | ||
| 999 |
_c33625 _d33625 |
||